000 00275nam a2200109Ia 4500
008 190216s9999||||xx |||||||||||||| ||und||
100 _aRobert A Alberty & Robert J Silbey
245 0 _aPhysical Chemistry
260 _bJohn Wiley & Sons
_c1992
300 _a898
942 _cBK
999 _c2645
_d2645